| 000 | 00645nam a22001937a 4500 | ||
|---|---|---|---|
| 999 |
_c169881 _d169881 |
||
| 005 | 20191206145500.0 | ||
| 010 | _aB-77897 | ||
| 020 |
_c100.00 _a- |
||
| 035 | _aB-77897 | ||
| 037 | _bBPPD | ||
| 082 | _a291.7 | ||
| 100 | _aشہلا نو ا ب | ||
| 245 |
_aبا بر ی مسجد / ر ا م جنم بھو می تنا ز عہ _cشہلا نو ا ب |
||
| 246 |
_aBabri Masjid/ Ram Janam Bhumi Tanazah _bby Shehla Nawab |
||
| 260 |
_aDelhi _c2002 ء _bShehla Nawab |
||
| 270 |
_a4126,Katra Nizamulmulk,Urdu Bazar,Jama Masjid, _bDelhi _k- _e110006 |
||
| 300 |
_a112 ص _c22 cm(hb) |
||
| 942 |
_2ddc _cUR _h291.7 _mش ہ ل |
||